100 Biggest Cities of Greece on a Map - Statistics

General Stats
  • This quiz has been taken 713 times
  • The average score is 31 of 100
Answers on the Map
Answers color-coded by a green-red scale on the quiz's map according to % correct below.
 
Answer Stats
Population City % Correct
643,449 Athens
99%
309,615 Thessaloníki
94%
145,439 Heraklion
84%
169,886 Patras
80%
54,562 Rhodes
80%
146,374 Larissa
73%
54,558 Chanía
71%
23,537 Corfu
70%
85,806 Vólos
67%
168,152 Piraeus
66%
64,897 Ioánnina
62%
57,706 Kalamáta
61%
30,817 Corinth
57%
59,476 Alexandroupoli
56%
51,948 Kavála
51%
27,016 Chios
49%
21,429 Kos
49%
58,749 Xánthi
49%
47,532 Lamía
46%
64,491 Chalcis
44%
58,398 Serres
44%
61,607 Tríkala
43%
51,733 Komotiní
41%
31,714 Mytilene
41%
34,084 Rethymno
41%
56,961 Kateríni
40%
133,632 Peristeri
40%
30,382 Tripoli
40%
43,447 Dráma
39%
48,923 Agrinio
36%
21,465 Árgos
36%
89,600 Glyfáda
35%
98,893 Acharnes
34%
21,799 Árta
34%
97,617 Kallithéa
34%
42,510 Veria
34%
92,248 Kalamariá
32%
42,139 Kozáni
32%
71,830 Marousi
32%
21,546 Thebes
32%
38,996 Kardítsa
30%
25,152 Pýrgos
30%
84,004 Ilio
29%
88,078 Níkaia
29%
77,100 Chalandri
28%
65,831 Egaleo
27%
48,701 Kifisiá
27%
23,180 Kilkís
27%
69,872 Zografou
26%
19,854 Aigio
25%
64,613 Néa Ionía, Attica
25%
30,690 Néa Ionía,Thessaly
25%
76,732 Ilioupoli
24%
25,467 Mégara
24%
79,222 Evosmos
23%
72,851 Néa Smýrni
23%
31,536 Ptolemaida
22%
31,495 Voúla
22%
28,757 Yannitsa
22%
62,147 Agía Paraskeví
21%
60,146 Petroupoli
21%
24,536 Salamina
21%
57,910 Galatsi
20%
21,469 Livadeia
20%
71,664 Ágios Dimítrios
19%
75,722 Keratsini
19%
59,135 Výron
19%
31,380 Asprópyrgos
18%
50,494 Iraklio
18%
20,150 Koropi
17%
61,247 Korydallós
17%
25,825 Neapoli
16%
64,862 Palaio Faliro
16%
35,846 Ampelókipoi
15%
33,857 Gérakas
15%
25,626 Pérama
15%
36,843 Pylaía
15%
32,414 Vrilíssia
15%
35,046 Áno Liósia
14%
33,310 Argyroupoli
14%
24,973 Eleusis
14%
35,542 Sykies
14%
45,989 Chaidari
13%
23,430 Dáfni
13%
25,322 Moschato
13%
38,887 Políchni
13%
45,895 Stavroupoli
13%
26,758 Agía Varvára
12%
21,922 Artemida
12%
22,689 Oraiokastro
12%
31,304 Cholargós
11%
26,225 Kaisarianí
11%
23,619 Melíssia
11%
30,172 Metamorfosi
11%
29,178 Kamatero
10%
25,201 Néa Filadélfeia
9%
21,292 Péfki
9%
32,286 Ágioi Anárgyroi
8%
26,130 Elefthério-Kordelió
7%
43,174 Kalamaki
4%
No matching quizzes found
Score Distribution
Percent of People with Each Score
Percentile by Number Answered
Your Score History
You have not taken this quiz